| 000 | 01137nac a22002891u 4500 | ||
|---|---|---|---|
| 010 | _a 2005054685 | ||
| 020 | _a0071459200 | ||
| 020 | _a9780071459204 | ||
| 035 | _a(OCoLC)ocm62093051 | ||
| 082 | 0 | 0 |
_a547.22 _bB6201 |
| 090 |
_c2373 _d2373 |
||
| 100 | _aBloch, D. R. | ||
| 245 | 1 | 0 |
_aOrganic chemistry demystified / _cDaniel R. Bloch. |
| 260 |
_aNew York : _bMcGraw-Hill,2006 _c2006. |
||
| 300 |
_axxi, 551 p. : _bill. ; _c24 cm. |
||
| 490 | 1 | _aDemystified series | |
| 504 | _aIncludes bibliographical references (p. 539) and index. | ||
| 650 | 0 |
_aChemistry, Organic _vTextbooks. |
|
| 830 | 0 | _aMcGraw-Hill "Demystified" series. | |
| 856 | 4 | 2 |
_3Contributor biographical information _uhttp://www.loc.gov/catdir/enhancements/fy0625/2005054685-b.html |
| 856 | 4 | 2 |
_3Publisher description _uhttp://www.loc.gov/catdir/enhancements/fy0625/2005054685-d.html |
| 856 | 4 | 2 |
_3Table of contents only _uhttp://www.loc.gov/catdir/enhancements/fy0625/2005054685-t.html |
| 942 |
_cBB _k547.22B6201 _hRDA-MOD |
||
| 999 |
_c2373 _d2373 |
||
| 336 |
_2rdacontent _atext _btxt |
||
| 337 |
_aunmediated _2rdamedia _bn |
||
| 338 |
_avolume _bnc _2rdacarrier |
||